000 01374nam a2200373 i 4500
001 44987
003 FINmELB
005 20241216231648.0
006 m o u
007 cr cn|||||||||
008 220824s2016 sp a o 000 0 spa d
020 _a9788441536685
_q(digital)
020 _z9788441536357
_q(impreso)
035 _a(OCoLC)1342051498
040 _aFINmELB
_bspa
_erda
_cFINmELB
050 4 _aGV1493
_b.F667 2016
080 _a087.5:79
082 0 4 _a793.7
_223
100 1 _aFonseca, Agustín,
_eautor.
245 1 3 _aEl desafío da Vinci :
_bjuegos de ingenio /
_cAgustín Fonseca García.
264 1 _aMadrid :
_bOberon,
_c2016.
300 _a1 recurso en línea (295 páginas) :
_bilustraciones a color
336 _atexto
_btxt
_2rdacontent/spa
337 _acomputadora
_bc
_2rdamedia/spa
338 _arecurso en línea
_bcr
_2rdacarrier/spa
588 _aDescripción basada en metadatos suministrados por el editor y otras fuentes.
590 _aRecurso electrónico. Santa Fe, Arg.: elibro, 2022. Disponible vía World Wide Web. El acceso puede estar limitado para las bibliotecas afiliadas a elibro.
650 4 _aJuegos intelectuales.
650 4 _aIngenio.
650 4 _aJuegos educativos.
655 4 _aLibros electrónicos.
797 2 _aelibro, Corp.
856 4 0 _uhttps://elibro.net/ereader/politecnicointernacional/217133
999 _c44987
_d44987